|
|
|
|
| LEADER |
01162nam a2200265 a 4500 |
| 003 |
BD-DhAAL |
| 005 |
20150916020002.0 |
| 008 |
090808s2003 ii 000 1 eng d |
| 020 |
|
|
|a 8124800790
|
| 082 |
0 |
0 |
|a 813/.52
|2 20
|
| 999 |
|
|
|c 3687
|d 3687
|
| 999 |
|
|
|c 3687
|
| 100 |
1 |
|
|a Hemingway, Ernest.
|9 6191
|
| 245 |
0 |
0 |
|a The sun also rises /
|b Ernest Hemingway.
|
| 246 |
3 |
0 |
|a Sun also rises
|
| 260 |
|
|
|a New Delhi :
|b Peacock,
|c 2003
|
| 300 |
|
|
|a 218 p. ;
|c 18 cm.
|
| 541 |
1 |
|
|e 00015376
|
| 600 |
1 |
0 |
|a Hemingway, Ernest,
|d 1899-1961.
|t Sun also rises.
|9 6192
|
| 600 |
1 |
1 |
|a Hemingway, Ernest,
|d 1899-1961.
|t Sun also rises.
|9 6193
|
| 650 |
|
1 |
|a American literature
|x History and criticism.
|9 6194
|
| 852 |
4 |
|
|a Ayesha Abed Library
|j General shelf
|
| 942 |
|
|
|2 ddc
|c BK
|0 1
|
| 952 |
|
|
|0 0
|1 0
|2 ddc
|4 0
|6 813_520000000000000_HEM
|7 0
|9 3349
|a BRACUL
|b BRACUL
|c GEN
|d 2009-09-03
|g 60.00
|l 30
|m 209
|o 813.52 HEM
|p 3010015376
|q 2026-06-02
|r 2026-02-18
|s 2026-02-18
|t 1
|w 2009-09-03
|y BK
|
| 952 |
|
|
|0 0
|1 1
|2 ddc
|4 0
|6 813_520000000000000_HEM
|7 0
|9 17192
|a BRACUL
|b BRACUL
|c GEN
|d 2011-06-19
|g 62.00
|l 18
|m 60
|o 813.52 HEM
|p 3010015401
|r 2022-11-09
|s 2020-01-19
|t 1
|w 2011-06-19
|y BK
|x Lost and Paid ( Money Receipt Sl. No. 50082)
|